Las argucias de la razón imperialista / (Record no. 102937)

MARC details
000 -CABECERA
campo de control de longitud fija 00830cam a22002654a 4500
003 - IDENTIFICADOR DEL NÚMERO DE CONTROL
campo de control UPN
005 - FECHA Y HORA DE LA ÚLTIMA TRANSACCIÓN
campo de control 20240925064704.0
008 - ELEMENTOS DE LONGITUD FIJA--INFORMACIÓN GENERAL
campo de control de longitud fija 031106s2001 es r 000 0 spa d
020 ## - NÚMERO INTERNACIONAL NORMALIZADO PARA LIBROS
Número Internacional Estándar del Libro 8449310121
035 ## - NÚMERO DE CONTROL DEL SISTEMA
Número de control de sistema UPN01000130780
040 ## - FUENTE DE LA CATALOGACIÓN
Centro catalogador/agencia de origen UPN
Lengua de catalogación spa
Centro/agencia transcriptor UPN
049 ## - COLECCIÓN
Colección CG
050 #4 - SIGNATURA TOPOGRÁFICA DE LA BIBLIOTECA DEL CONGRESO
Número de clasificación JC359
Número de documento/Ítem B6.2
100 1# - ASIENTO PRINCIPAL--NOMBRE PERSONAL
Nombre de persona Bourdieu, Pierre,
Fechas asociadas al nombre 1930-2002
9 (RLIN) 44118
245 14 - MENCIÓN DE TÍTULO
Título Las argucias de la razón imperialista /
Mención de responsabilidad, etc. Pierre Bourdieu y Loic Wacquant ; tr. de María José Furió Sancho.
260 ## - PUBLICACIÓN, DISTRIBUCIÓN, ETC.
Lugar de publicación, distribución, etc. Barcelona, Esp. :
Nombre del editor, distribuidor, etc. Paidós,
Fecha de publicación, distribución, etc. 2001.
300 ## - DESCRIPCIÓN FÍSICA
Extensión 54 p.
490 0# - MENCIÓN DE SERIE
Mención de serie Paidós asterisco ;
Designación de volumen o secuencia 6
534 ## - NOTA SOBRE LA VERSIÓN ORIGINAL
Frase introductoria Título original:
Mención de título del original Sur les ruses de la raison impérialiste
650 #4 - ASIENTO SECUNDARIO DE MATERIA - TERMINO TEMATICO
Término de materia o nombre geográfico como elemento de entrada Imperialismo
9 (RLIN) 9887
650 #4 - ASIENTO SECUNDARIO DE MATERIA - TERMINO TEMATICO
Término de materia o nombre geográfico como elemento de entrada Poder (Ciencias sociales)
9 (RLIN) 1203
700 1# - ASIENTO SECUNDARIO--NOMBRE DE PERSONAL
Nombre de persona Wacquant, Loïc,
Fechas asociadas al nombre coaut.
905 ## - TIPO DE MATERIAL
Tipo de material Libro
942 ## - ELEMENTOS DE PUNTO DE ACCESO ADICIONAL (KOHA)
Fuente del sistema de clasificación o colocación Library of Congress Classification
Tipo de ítem Koha Libro
Holdings
Estado de retiro Estado de pérdida Fuente del sistema de clasificación o colocación Estado dañado No para préstamo Código de colección Localización permanente Ubicación/localización actual Ubicación en estantería Fecha de adquisición Total de préstamos Clasificación Código de barras Fecha visto por última vez Fecha del último préstamo Tipo de ítem Koha
    Library of Congress Classification     Colección General Bib. Gregorio Torres Quintero Bib. Gregorio Torres Quintero Planta baja 21/06/2022 5 JC359 B6.2 210124 09/10/2025 24/09/2025 Libro